Đồ gá cơ khí và tự động hóa

Nội dung trình bày những vấn đề cơ bản về thiết kế đồ gá chuyên dùng trên máy công cụ vạn năng thông thường, dụng cụ phụ, đồ gá lắp ráp, đồ gá kiểm tra, tiêu chuẩn hóa và linh hoạt hóa trang bị công nghệ, trang bị công nghệ dùng trong da...

全面介绍

Đã lưu trong:
书目详细资料
主要作者: Lê, Văn Tiến
格式: 图书
语言:Undetermined
出版: Hà Nội KHKT 1999
主题:
标签: 添加标签
没有标签, 成为第一个标记此记录!
Thư viện lưu trữ: Trung tâm Học liệu Trường Đại học Cần Thơ
LEADER 01062nam a2200205Ia 4500
001 CTU_36739
008 210402s9999 xx 000 0 und d
020 |b 16.500đ 
082 |a 621.82 
082 |b T305 
100 |a Lê, Văn Tiến 
245 0 |a Đồ gá cơ khí và tự động hóa 
245 0 |c Lê Văn Tiến, Trần Văn Địch, Trần Xuân Việt 
260 |a Hà Nội 
260 |b KHKT 
260 |c 1999 
520 |a Nội dung trình bày những vấn đề cơ bản về thiết kế đồ gá chuyên dùng trên máy công cụ vạn năng thông thường, dụng cụ phụ, đồ gá lắp ráp, đồ gá kiểm tra, tiêu chuẩn hóa và linh hoạt hóa trang bị công nghệ, trang bị công nghệ dùng trong dây chuyền gia công linh hoạt và tự động hóa. 
650 |a machine design,machine parts,mechanical engineering 
904 |i Minh, 000601 
980 |a Trung tâm Học liệu Trường Đại học Cần Thơ